Clic Correspondance des calendriers - Statistiques

Statistiques générales
  • Ce quiz a été pris 10 fois
  • Le résultat moyen est 6 sur 13
Statistiques - réponses
Hint Réponse % Correct
Romain Dies Lune AD XIV Kal. IAN MMDCCLXXVII
100%
Chinois Cycle 78, année du Dragon, mois 11 jour 20
88%
Julien 19 décembre 2023
63%
Musulman Yaum al-ithnayna, 19 Jumada II 1445
63%
Grégorien 1er janvier 2024
50%
Hébreu Yom sheni, 20 Tevet 5784
50%
Maya 16 Kankin 2 Lamat
38%
Indien civil Chandravara, 17 Pausha 1945
38%
Perse Do-Shanbeth, 11 Dey 1402
38%
Ethiopien Sanyo, 22 Takhsas 2016
38%
Aménien Erkoushabathi, 14 Arach 1473
25%
Egyptien 14 pachon 2772
13%
Copte Pesnau, 22 kiyahk 1740
13%
Aucun quiz correspondant
Distribution des résultats
% des personnes avec chaque résultat
Percentile par nombre de réponses
Votre historique - résultats
Vous n’avez pas pris ce quiz